| 000 | 00395nam a2200157Ia 4500 | ||
|---|---|---|---|
| 999 |
_c2356 _d2356 |
||
| 003 | OSt | ||
| 005 | 20190921201332.0 | ||
| 008 | 190802s9999 xx 000 0 und d | ||
| 020 | _a978-0-07-066048-9 | ||
| 040 | _cmaju | ||
| 100 | _aJohn C Martin | ||
| 245 | 0 | _aIntroduction to languages and theory of computation | |
| 260 |
_aAustralia _bPearson _c2007 |
||
| 300 | _a543:P | ||
| 942 |
_cBK _2ddc |
||